000 00653nam a2200277Ia 4500
005 20260324123209.0
008 008 260324s9999 xx 000 0 eng d
020 _a9780203100028
037 _aEBOOK
040 _aCRL
040 _beng
040 _cCRL
041 _2eng
041 _aeng
084 _qCRL
100 _aNichole Georgeou
_91169398
245 0 _aNeoliberalism, Development, and Aid Volunteering
260 _bTaylor and Francis
260 _c2012
365 _a
365 _b240
856 _uhttp://www.taylorfrancis.com/books/9780203100028
942 _cEBOOK
999 _c1762699
_d1762699